000 00687nam a2200193 a 4500
001 39341
005 20180714012849.0
008 140415s1981 mx 000 0 spa d
020 _a9706570695
041 _aspa
082 _a340
_bKEL
100 1 _aKELSEN, HANS
245 1 3 _aLA TEORIA PURA DEL DERECHO :
_bINTRODUCCION A LA PROBLEMATICA CIENTIFICA DEL DERECHO
250 _a2a ed.
260 _aMEXICO :
_bEDITORA NACIONAL,
_c1981
300 _a215
_cx 12 x 17
520 _aEN ESTE LIBRO EL AUTOR PRETENDE DAR RESPUESTA A LA IMPORTANTE CUESTIÓN SOBRE SI EL DERECHO ES UNA CIENCIA DE LA NATURALEZA O DEL ESPÍRITU.
650 1 4 _aDERECHAS E IZQUIERDAS (POLITICA)
999 _c39341
_d39341